000 00790nam a2200229Ia 4500
003 GCL
008 140319s9999 xx 000 0 ara d
040 _aGCL /
_cGCL
082 0 4 _aق
_b732.8
_bص ف
100 1 _aثروت عكاشة
245 1 0 _aفن النحت فى مصر القديمة وبلاد مابين النهرين :
_bدراسة مقارنة /
_cثروت عكاشة
700 1 _aصبحى الشارونى
250 _aاللاولى
260 _aالقاهرة :
_bالدار المصرية اللبنانية ،
_c1993
300 _a285 ص ؛
_c24 سم
650 0 4 _aالعراق
650 0 4 _aمصر القديمة
650 0 4 _aالفن المصرى القديم
650 0 4 _aالنحت القديم
650 0 4 _aالنحت المصرى
942 _2ddc
_cBK
999 _c52924
_d52924